书目信息 |
| 题名: |
风能开发利用
|
|
| 作者: | 张希良 主编 | |
| 分册: | ||
| 出版信息: | 北京 化学工业出版社 2005 |
|
| 页数: | ||
| 开本: | 26cm | |
| 丛书名: | 21世纪可持续能源丛书 | |
| 单 册: | ||
| 中图分类: | TK86 | |
| 科图分类: | ||
| 主题词: | 风力能源 , 风力能源--动力机械 | |
| 电子资源: | ||
| ISBN: | 7-5025-6063-7 | |
| 000 | 00626nam0 2200217 450 | |
| 001 | 0754114953 | |
| 005 | 20070929150154.95 | |
| 010 | @a7-5025-6063-7 | |
| 100 | @a20070929d km y0chiy0120 ea | |
| 101 | 0 | @achi |
| 200 | 1 | @a风能开发利用@Afeng neng kai fa li yong@f张希良 主编@Fzhang xi liang zhu bian |
| 210 | @a北京@c化学工业出版社@d2005 | |
| 215 | @c插图@d26cm | |
| 225 | 2 | @a21世纪可持续能源丛书 |
| 410 | 0 | @12001 @a21世纪可持续能源丛书 |
| 606 | 0 | @a风力能源 |
| 606 | 0 | @a风力能源@x动力机械 |
| 690 | @aTK86@v3 | |
| 701 | 0 | @a张希良@Azhang xi liang@4主编 |
| 801 | 0 | @aCN@bPFT@c20070929 |
| 905 | @a213230@dTK86@eh10@f1 | |
| 风能开发利用/张希良 主编.-北京:化学工业出版社,2005 |
| 插图;26cm.-(21世纪可持续能源丛书) |
| ISBN 7-5025-6063-7: |
| ● |
| 相关链接 |
|
|
|
|
正题名:风能开发利用
索取号:TK86/h10
 
预约/预借
| 序号 | 登录号 | 条形码 | 馆藏地/架位号 | 状态 | 备注 |
| 1 | 6002846 | 260028464 | 密集书库-化学系/ [索取号:TK86/h10] | 在馆 |